Guess the footballer born in the year 1994 - Statistics

General Stats
  • This quiz has been taken 19 times
  • The average score is 9 of 16
Answer Stats
Picture Answer % Correct
John Stones
89%
Eric Dier
83%
Sébastien Haller
83%
Aymeric Laporte
72%
Emre Can
72%
Piotr Zielinski
72%
Kurt Zouma
67%
Rodrigo De Paul
61%
Yerry Mina
61%
Inaki Williams
56%
John McGinn
56%
Matt Turner
39%
Eric Bailly
33%
Reinildo Mandava
33%
Jefferson Lerma
17%
Dennis Praet
6%
No matching quizzes found
Score Distribution
Percent of People with Each Score
Percentile by Number Answered
Your Score History
You have not taken this quiz